A primer of mathematical writing : being a disquisition on having your ideas recorded, typeset, published, read and appreciated /

Guardado en:
Autor Principal: Krantz, Steven G. 1951-
Formato: Libro
Idioma:English
Publicado: Providence, R.I. : American Mathematical Society, c1997.
Materias:
Acceso en línea:Reseña (Notices AMS)
Etiquetas: Agregar Etiqueta
Sin Etiquetas, Sea el primero en etiquetar este registro!
LEADER 00903cam a2200217 a 4500
001 MAT.inmabb003300
008 960917s1997####riu######b####001#0#eng##
005 20160614114652.0
245 1 2 |a A primer of mathematical writing :  |b being a disquisition on having your ideas recorded, typeset, published, read and appreciated /  |c Steven G. Krantz. 
260 |a Providence, R.I. :  |b American Mathematical Society,  |c c1997. 
300 |a xv, 223 p. ;  |c 26 cm. 
504 |a Incluye referencias bibliográficas (p. 211-214) e índice. 
510 4 |a Notices AMS,  |c v. 44 no. 5 (May 1997) 
020 |a 0821806351 
100 1 |a Krantz, Steven G.  |q (Steven George),  |d 1951- 
650 0 |a Mathematics  |x Authorship. 
084 |a 00A20  |2 msc2000 
010 |a  96045732  
040 |a DLC  |c DLC  |d DLC 
856 4 |u http://www.ams.org/notices/199705/comm-halmos.pdf  |y Reseña (Notices AMS) 
859 |h 00A20  |i K89p  |p A-7410  |b BIB. MATEMATICA